| 000 | 01008nam a2200325Ia 4500 | ||
|---|---|---|---|
| 003 | OSt | ||
| 005 | 20221007122417.0 | ||
| 006 | a|||||r|||| 00| 0 | ||
| 007 | ta | ||
| 008 | 221006b |||||||| |||| 00| 0 eng d | ||
| 020 | _a9780199532414 (pbk) | ||
| 024 | _a84390 | ||
| 037 | _cTextbook | ||
| 040 |
_aPAPL _cPAPL _beng |
||
| 041 |
_2eng _aeng |
||
| 082 | _aC9B2, P8 Carpa | ||
| 100 |
_aBudker Dmitry _9714274 |
||
| 245 | 0 |
_aAtomic physics:an exploration through problems and solutions _b Kimball Derek F DeMille David P |
|
| 250 | _a2 | ||
| 260 |
_aOxford _bOxford University Press _c2008 |
||
| 300 |
_axiii, 518p. _ccm. |
||
| 500 | _aBibliography 491-510p.; Index 511-518p. | ||
| 650 |
_a Atomic physics _9714275 |
||
| 650 | _a Atoms | ||
| 650 | _aPhysics | ||
| 700 |
_a DeMille David P _9714276 |
||
| 700 |
_a Kimball Derek F _9714277 |
||
| 942 |
_hC9B2, P8 Carpa _cTB _2CC |
||
| 999 |
_c1210304 _d1210304 |
||